|
|
|
|
| LEADER |
00906cam a2200265 7i4500 |
| 001 |
0000066814 |
| 005 |
20171227090000.0 |
| 005 |
##20171227135000.0 |
| 003 |
##MY-KlINT |
| 008 |
171227 000 0 eng d |
| 020 |
# |
# |
|a 9780072523676
|
| 039 |
# |
9 |
|a 201712271350
|b aziah
|c 201712271349
|d aziah
|c 201712271349
|d aziah
|y 201712271349
|z aziah
|
| 040 |
# |
# |
|a BK
|
| 090 |
0 |
0 |
|a 658.054678
|b APP
|
| 100 |
1 |
# |
|a Applegate, Lynda M
|e author
|
| 245 |
1 |
0 |
|a CREATING BUSINESS ADVANTAGE IN THE INFORMATION AGE /
|c Lynda M. Applegate, Robert D. Austin, F.Warren McFarlan.
|
| 264 |
# |
0 |
|a Boston
|b McGraw-Hill
|c 2002
|
| 300 |
# |
# |
|a xvi, 412 pages:
|b illustrations;
|c 24cm.
|
| 336 |
# |
# |
|a text
|2 rdacontent
|
| 337 |
# |
# |
|a unmediated
|2 rdamedia
|
| 338 |
# |
# |
|a volume
|2 rdacarrier
|
| 500 |
# |
# |
|a Includes index
|
| 650 |
# |
0 |
|a Electronic commerce
|
| 700 |
0 |
# |
|a Austin, Robert D
|
| 999 |
|
|
|a 1701071354
|b BOOK
|c Main Non-Fiction
|e INTAN BK
|